[Event "Al Ain Classic 2012"]
[Site "Al-Ain UAE"]
[Date "2012.12.28"]
[Round "9.30"]
[White "Navalgund, Niranjan"]
[Black "Solomons, Anzel"]
[Result "1-0"]
[BlackTitle "WIM"]
[WhiteElo "2169"]
[BlackElo "1928"]
[WhiteFideId "5030854"]
[BlackFideId "14300800"]
[EventDate "2012.12.22"]

1. d4 d5 2. Nf3 Nf6 3. c4 c6 4. e3 e6 5. b3 dxc4 6. bxc4 c5 7. Bb2 Nc6 8. Bd3
cxd4 9. exd4 Bb4+ 10. Nbd2 O-O 11. a3 Be7 12. O-O b6 13. Ne4 Bb7 14. Qe2 Na5 15.
Ng3 Rc8 16. Rfe1 Re8 17. Ne5 Bd6 18. Rad1 Qe7 19. a4 Ba3 20. Ba1 Bb4 21. Rf1 Nb3
22. Bb2 Ba3 23. Bc3 Bb4 24. Bxb4 Qxb4 25. Qb2 a5 26. Bc2 Qxa4 27. Qxb3 Qxb3 28.
Bxb3 Red8 29. Rd2 Ba6 30. Rfd1 b5 31. cxb5 Bxb5 32. Ra1 Rc3 33. Bd1 Ra8 34. Rb2
Be8 35. Bf3 Ra7 36. Rb8 Kf8 37. Ne2 Rc2 38. Nc6 Rc7 39. Nxa5 Ke7 40. h3 Nd5 41.
Ng3 Bd7 42. Nf5+ exf5 43. Bxd5 Rd2 44. Re1+ Kf6 45. Rb6+ Kg5 46. Nb3 Rd3 47. Re7
Rdc3 48. Rxf7 Bc6 49. Rxc7 1-0

[Event "Al Ain Classic 2012"]
[Site "Al-Ain UAE"]
[Date "2012.12.28"]
[Round "9.31"]
[White "Shoker, Samy"]
[Black "Enkhtuul, Altanulzii"]
[Result "1-0"]
[WhiteTitle "IM"]
[BlackTitle "WIM"]
[WhiteElo "2490"]
[BlackElo "2153"]
[WhiteFideId "627143"]
[BlackFideId "4901444"]
[EventDate "2012.12.22"]

1. g3 d5 2. Nf3 Nf6 3. Bg2 c6 4. O-O Bf5 5. d3 e6 6. Nfd2 Be7 7. e4 dxe4 8. dxe4
Bg6 9. f4 O-O 10. h3 h6 11. Qe2 Na6 12. Nc3 Bb4 13. Kh2 Re8 14. Nc4 Qc7 15. Nd1
Bf8 16. Nf2 Bh7 17. a4 Nc5 18. b3 b5 19. axb5 cxb5 20. Na5 Rab8 21. Bb2 Ncd7 22.
Nd3 Rec8 23. Rfc1 Qb6 24. b4 Ne8 25. c4 bxc4 26. Nxc4 Qd8 27. Rxa7 Bxb4 28. Nxb4
Rxb4 29. Qd2 Rbxc4 30. Rxd7 Qb6 31. Rxc4 Rxc4 32. Re7 Rc8 33. Qc3 Kf8 34. Qxc8
Kxe7 35. Ba3+ Kf6 36. Qxe8 Qd4 37. Be7+ Kg6 38. f5+ exf5 39. exf5+ 1-0

[Event "Al Ain Classic 2012"]
[Site "Al-Ain UAE"]
[Date "2012.12.28"]
[Round "9.32"]
[White "Fang, Yuxiang"]
[Black "Mohannad, Farhan"]
[Result "1-0"]
[BlackTitle "FM"]
[WhiteElo "2103"]
[BlackElo "2263"]
[WhiteFideId "8605840"]
[BlackFideId "8100918"]
[EventDate "2012.12.22"]

1. d4 Nf6 2. Nf3 e6 3. c4 Bb4+ 4. Bd2 Qe7 5. g3 b6 6. Bg2 Bb7 7. O-O Bxd2 8.
Qxd2 d6 9. Nc3 O-O 10. Qc2 Nbd7 11. e4 c5 12. d5 e5 13. a3 Nh5 14. b4 g6 15. Bh3
Bc8 16. Rab1 Ndf6 17. Bg2 Ne8 18. bxc5 bxc5 19. Qa4 Neg7 20. Qc6 Bg4 21. Rb7 Qf6
22. Nd2 Qg5 23. Nb3 Rad8 24. Nb5 Ne8 25. Rxa7 Be2 26. Rc1 Nf4 27. Nc3 Bxc4 28.
gxf4 exf4 29. h4 Qxh4 30. Nd2 Bd3 31. Nf3 Qh5 32. Qb7 g5 33. Qe7 g4 34. Ne1 Ng7
35. Nxd3 f3 36. Bf1 c4 37. e5 cxd3 38. Ne4 Qh6 39. Qg5 Qxg5 40. Nxg5 h6 41. Ne4
dxe5 42. Nf6+ Kh8 43. Bxd3 h5 44. Rcc7 Ne8 45. Nxe8 Rdxe8 46. Rxf7 Rxf7 47. Rxf7
e4 48. Bb5 Rb8 49. d6 Kg8 50. Bc4 Rb1+ 51. Kh2 Rd1 52. d7 Kh8 53. Rf8+ 1-0

[Event "Al Ain Classic 2012"]
[Site "Al-Ain UAE"]
[Date "2012.12.28"]
[Round "9.33"]
[White "Bibasa, Bob"]
[Black "Nassajtorshizi, Amirmorteza"]
[Result "1/2-1/2"]
[WhiteTitle "CM"]
[WhiteElo "2218"]
[BlackElo "1999"]
[WhiteFideId "10000240"]
[BlackFideId "12511242"]
[EventDate "2012.12.22"]

1. d4 Nf6 2. Nc3 c5 3. d5 d6 4. e4 g6 5. f4 Bg7 6. Bb5+ Nfd7 7. a4 O-O 8. Nf3
Na6 9. O-O Rb8 10. Qe2 Nc7 11. Be3 a6 12. Bd3 Nf6 13. h3 Bd7 14. a5 b5 15. axb6
Rxb6 16. Ra2 Nb5 17. Na4 Rb8 18. c4 Nc7 19. e5 Nfe8 20. Nc3 a5 21. Rfa1 Ra8 22.
Bd2 Qb8 23. Ng5 e6 24. Be4 Ra6 25. dxe6 Nxe6 26. Nxe6 Bxe6 27. Nd5 dxe5 28. Ne7+
Kh8 29. f5 gxf5 30. Nxf5 Bxf5 31. Bxf5 Nd6 32. Bc2 e4 33. Bf4 f5 34. Rd1 Bd4+
35. Rxd4 cxd4 36. Be5+ Kg8 37. Bxd4 Nf7 38. c5 Rg6 39. Rxa5 Rd8 40. Bc3 1/2-1/2

[Event "Al Ain Classic 2012"]
[Site "Al-Ain UAE"]
[Date "2012.12.28"]
[Round "9.34"]
[White "Nesterovskaya, Anzhelika"]
[Black "Hamdouchi, Adina-Maria"]
[Result "1-0"]
[WhiteTitle "WF"]
[BlackTitle "WGM"]
[WhiteElo "2133"]
[BlackElo "2211"]
[WhiteFideId "14114895"]
[BlackFideId "1206435"]
[EventDate "2012.12.22"]

1. e4 g6 2. d4 Bg7 3. Nf3 d6 4. Nc3 Nf6 5. Be2 O-O 6. Bf4 a6 7. e5 dxe5 8. Nxe5
Nbd7 9. Qd2 Nxe5 10. Bxe5 Be6 11. h4 h5 12. O-O-O c6 13. Kb1 b5 14. Bf3 b4 15.
Na4 Bd5 16. Bxd5 Nxd5 17. Bxg7 Kxg7 18. g4 Nf6 19. gxh5 Nxh5 20. Qxb4 Rb8 21.
Qc3 Nf6 22. h5 Rh8 23. hxg6 Rxh1 24. Rxh1 fxg6 25. Nc5 Qd5 26. Qh3 Kf7 27. Qh2
a5 28. Nd3 Qb5 29. a4 Qd5 30. Ne5+ Ke6 31. Nxg6 Rxb2+ 32. Kxb2 Qxd4+ 33. Kb1
Qb4+ 34. Kc1 Qa3+ 35. Kd1 Qf3+ 36. Ke1 Qe4+ 37. Kf1 Qxg6 38. Qh3+ Kd5 39. Qb3+
Kd6 40. Rg1 Qe4 41. Qa3+ c5 42. Qd3+ Qxd3+ 43. cxd3 Kd5 44. Ke2 Kd4 45. Rc1 e5
46. Rc4+ Kd5 47. Ke3 Nd7 48. Rh4 Nb6 49. Kd2 c4 50. dxc4+ Nxc4+ 51. Kc3 Nd6 52.
f3 Nf5 53. Rh8 Nd4 54. Rf8 Kc5 55. Kd3 Nc6 56. Ke4 Kb4 57. Rf6 Kc5 58. Rxc6+
Kxc6 59. Kxe5 Kc5 60. f4 Kb4 61. f5 Kxa4 62. f6 Kb3 63. f7 a4 64. f8=Q a3 65.
Qf3+ Kb2 66. Qe2+ Kb1 67. Qd1+ Kb2 68. Qd2+ Kb3 69. Qc1 Ka2 70. Qc2+ Ka1 71.
Qc3+ Ka2 72. Kd4 1-0

[Event "Al Ain Classic 2012"]
[Site "Al-Ain UAE"]
[Date "2012.12.28"]
[Round "9.35"]
[White "Ayyad, Husain"]
[Black "Sameir, Ramez"]
[Result "0-1"]
[WhiteTitle "FM"]
[WhiteElo "2205"]
[BlackElo "2068"]
[WhiteFideId "11200243"]
[BlackFideId "10606017"]
[EventDate "2012.12.22"]

1. e4 e6 2. d4 d5 3. exd5 exd5 4. Bd3 Nc6 5. c3 Bd6 6. Qf3 Be6 7. Ne2 Qd7 8. h3
Nge7 9. Bf4 Bf5 10. Nd2 O-O-O 11. Bxd6 Bxd3 12. Qxd3 Qxd6 13. b4 Qg6 14. Nf4
Qxd3 15. Nxd3 Nf5 16. O-O Rhe8 17. Rfe1 Nd6 18. f3 Nb5 19. Rac1 Rxe1+ 20. Nxe1
Re8 21. a4 Nxc3 22. Rxc3 Rxe1+ 23. Kf2 Ra1 24. b5 Nxd4 25. Re3 Ra2 26. Rd3 Rxa4
27. Ke3 Nxb5 28. Rxd5 Nd6 0-1

[Event "Al Ain Classic 2012"]
[Site "Al-Ain UAE"]
[Date "2012.12.28"]
[Round "9.36"]
[White "Molina, Antonio"]
[Black "Schon, Eugene"]
[Result "1-0"]
[WhiteTitle "FM"]
[WhiteElo "2099"]
[BlackElo "2175"]
[WhiteFideId "5201365"]
[BlackFideId "3205690"]
[EventDate "2012.12.22"]

1. d4 d5 2. c4 e6 3. Nc3 c6 4. Nf3 Nf6 5. e3 Nbd7 6. Bd3 dxc4 7. Bxc4 b5 8. Bd3
Bb7 9. a3 b4 10. Na4 bxa3 11. bxa3 Bd6 12. O-O Qc7 13. Bb2 e5 14. dxe5 Nxe5 15.
Nxe5 Bxe5 16. Bxe5 Qxe5 17. Rb1 Bc8 18. h3 O-O 19. Qc2 Rd8 20. Rb4 Be6 21. Nc5
Bc8 22. Rc1 h6 23. Nb3 Qg5 24. Kf1 Nd5 25. Rd4 Bd7 26. Nc5 Be8 27. Re1 Rab8 28.
Na6 Rb6 29. Qc5 Bd7 30. e4 Rxa6 31. exd5 Rb6 32. Qe7 Be6 33. Qxg5 hxg5 34. dxe6
Rxd4 1-0

[Event "Al Ain Classic 2012"]
[Site "Al-Ain UAE"]
[Date "2012.12.28"]
[Round "9.37"]
[White "Zelesco, Karl"]
[Black "Asgarova, Turan"]
[Result "1/2-1/2"]
[WhiteElo "2154"]
[BlackElo "1932"]
[WhiteFideId "3213390"]
[BlackFideId "13403451"]
[EventDate "2012.12.22"]

1. e4 c5 2. Nf3 e6 3. d4 cxd4 4. Nxd4 Nc6 5. Nc3 d6 6. Be3 Nf6 7. f3 Be7 8. Qd2
a6 9. g4 O-O 10. h4 Nxd4 11. Bxd4 b5 12. O-O-O Qa5 13. Kb1 b4 14. Ne2 e5 15. Be3
Be6 16. Nc1 d5 17. Nb3 Qc7 18. g5 Nh5 19. exd5 Bxd5 20. Bg2 Rfd8 21. Qf2 Rab8
22. Rhf1 Nf4 23. Bxf4 exf4 24. Rfe1 a5 25. Qe2 Bf8 26. Qe5 Qd7 27. Qxf4 a4 28.
Nc1 Qc6 29. Rd3 Rdc8 30. Qd2 Be6 31. f4 Qa6 32. Bd5 b3 33. cxb3 Bf5 34. Bc4
Bxd3+ 35. Qxd3 Qa5 36. Re5 Qc7 37. Rf5 axb3 38. axb3 Kh8 39. Rxf7 Qa5 40. h5 Rc7
41. Rf5 Rc5 42. Rf7 Rc7 43. Rxc7 Qxc7 44. Qf5 Qc5 45. Qf7 Bd6 46. h6 Qd4 47.
hxg7+ Qxg7 48. Qxg7+ Kxg7 49. f5 Bf4 50. f6+ Kf8 51. Bd3 Bxg5 52. Bxh7 Bxc1 53.
Kxc1 Kf7 54. Bd3 Kxf6 55. Kc2 Ke5 56. Kc3 Kd5 57. b4 Kc6 58. Kc4 Kb6 59. b5 Rc8+
60. Kb4 Rd8 61. Bc4 Rh8 1/2-1/2

[Event "Al Ain Classic 2012"]
[Site "Al-Ain UAE"]
[Date "2012.12.28"]
[Round "9.38"]
[White "Li, Wenliang"]
[Black "Amer, Mohammed Bishara"]
[Result "1-0"]
[WhiteTitle "IM"]
[WhiteElo "2424"]
[BlackElo "1924"]
[WhiteFideId "8600490"]
[BlackFideId "12200719"]
[EventDate "2012.12.22"]

1. d4 c6 2. Nf3 g6 3. c4 d5 4. Nc3 Bg7 5. e3 Nf6 6. Be2 O-O 7. O-O Re8 8. Bd2
Bf5 9. cxd5 cxd5 10. Qb3 Bc8 11. Ne5 a6 12. Rac1 e6 13. Rc2 Nbd7 14. f4 Nf8 15.
Rfc1 N6d7 16. Nf3 Nf6 17. Be1 Ng4 18. Nd1 Nd7 19. Bh4 Bf6 20. Bxf6 Qxf6 21. Rc7
Rb8 22. a4 Kg7 23. Nf2 h5 24. h3 Nh6 25. g4 hxg4 26. hxg4 Qd8 27. Qb4 Ng8 28.
Qd6 Ne7 29. b4 b5 30. a5 Rb7 31. R7c2 Nf8 32. Qxa6 Rb8 33. Qa7 Rb7 34. Qa8 Qd7
35. Ne5 Ra7 36. Nxd7 Rxa8 37. Nb6 Rb8 38. Bxb5 Rd8 39. Rc7 Ng8 40. Rxc8 Nf6 41.
Rxd8 Rxd8 42. a6 N6d7 43. Nxd7 Nxd7 44. Bxd7 Rxd7 45. Ra1 1-0

[Event "Al Ain Classic 2012"]
[Site "Al-Ain UAE"]
[Date "2012.12.28"]
[Round "9.39"]
[White "Bharat, Vijay"]
[Black "Kisuze, Stephen Ssemmango"]
[Result "0-1"]
[BlackTitle "FM"]
[WhiteElo "1961"]
[BlackElo "2150"]
[WhiteFideId "5032784"]
[BlackFideId "10000186"]
[EventDate "2012.12.22"]

1. d4 d5 2. Nf3 Nf6 3. c4 c6 4. cxd5 cxd5 5. Nc3 e6 6. Bf4 Nc6 7. e3 Be7 8. Bb5
O-O 9. O-O Bd7 10. h3 Rc8 11. Rc1 Qb6 12. Qe2 a6 13. Bd3 Rfd8 14. a3 Na5 15. Ne5
Be8 16. b4 Nb3 17. Rc2 Nxd4 18. exd4 Qxd4 19. Qe3 Qxe3 20. fxe3 a5 21. Rb1 axb4
22. axb4 d4 23. exd4 Rxd4 24. Ne2 Rdd8 25. Rxc8 Rxc8 26. Kf2 Nd5 27. Bd2 f6 28.
Ng4 Bg6 29. Bxg6 hxg6 30. Ne3 Nxe3 31. Bxe3 Rc4 32. b5 Bc5 33. Bxc5 Rxc5 34. b6
e5 35. Rb3 f5 36. Nc3 Kf7 37. g4 Ke6 38. Nb5 Rc6 39. Nc7+ Kf6 40. Rc3 Rxc3 41.
Nd5+ Ke6 42. Nxc3 Kd6 43. Ke3 Kc5 44. g5 Kxb6 45. Nd5+ Kc5 46. Ne7 Kd6 47. Nxg6
b5 48. Nh4 Ke6 49. Nf3 b4 50. Nd2 Kf7 51. Nc4 Kg6 52. h4 e4 53. Kf4 b3 54. Kg3
e3 55. Kf3 f4 56. Ke2 Kh5 57. Kd3 Kxh4 58. Kc3 e2 59. Ne5 e1=Q+ 0-1